Fellowship of the Ring Quiz Stats

 Plays Quiz Updated Mar 8, 2017

Support Sporcle.
Go Orange.
Score 0/9 Timer 01:30
2 Plays Today
Race Name % Correct
WizardGandalf
98.6%
HobbitFrodo Baggins
97.8%
HobbitSamwise Gamgee
96.7%
ElfLegolas
90.3%
ManAragorn
89.2%
HobbitPeregrin Took
88.5%
HobbitMeriadoc Brandybuck
85.8%
DwarfGimli
85.2%
ManBoromir
76.8%

From the Vault

Spanish Food Fiesta

by MovieGuru

We suddenly have a terrible craving for paella.
Remove Ads.
Support Sporcle.
Get the best of Sporcle when you Go Orange. This ad-free experience offers more features, more stats, and more fun while also helping to support Sporcle. Thank you for becoming a member.

Show Comments

Extras

Top Quizzes Today


Score Distribution

Your Account Isn't Verified!

In order to create a playlist on Sporcle, you need to verify the email address you used during registration. Go to your Sporcle Settings to finish the process.

Report this User

Report this user for behavior that violates our Community Guidelines.

Details: